Welcome to WEB OPAC of MRSPTU Central Library

Mechanical Vibrations (Record no. 6671)

MARC details
000 -LEADER
fixed length control field 00425nam a2200169Ia 4500
008 - FIXED-LENGTH DATA ELEMENTS--GENERAL INFORMATION
fixed length control field 230711s9999||||xx |||||||||||||| ||und||
020 ## - INTERNATIONAL STANDARD BOOK NUMBER
International Standard Book Number 978-81-203-5035-9
041 ## - LANGUAGE CODE
Language code of text/sound track or separate title ENG
082 ## - DEWEY DECIMAL CLASSIFICATION NUMBER
Classification number 620.03
Item number VE-M
100 ## - MAIN ENTRY--PERSONAL NAME
Personal name Venkatachalam,R
245 #0 - TITLE STATEMENT
Title Mechanical Vibrations
250 ## - EDITION STATEMENT
Edition statement 1st Ed.
260 ## - PUBLICATION, DISTRIBUTION, ETC.
Date of publication, distribution, etc. 2014
Place of publication, distribution, etc. New Delhi
Name of publisher, distributor, etc. PHI Learning Private Limited
300 ## - PHYSICAL DESCRIPTION
Extent 418p.
650 ## - SUBJECT ADDED ENTRY--TOPICAL TERM
Topical term or geographic name entry element Mechanical Engineering
942 ## - ADDED ENTRY ELEMENTS (KOHA)
Koha item type Book
Holdings
Withdrawn status Lost status Damaged status Not for loan Collection Home library Current library Date acquired Source of acquisition Cost, normal purchase price Inventory number Total checkouts Full call number Barcode Date last seen Price effective from Koha item type
          MRSPTU Central Library MRSPTU Central Library 08/09/2043 Krishna Book Distributors 425.00 KBD/2017-2018/1019443059   620.03 VE-M 39670 08/17/2023 08/17/2023 Book
          MRSPTU Central Library MRSPTU Central Library 08/09/2043 Krishna Book Distributors 425.00 KBD/2017-2018/1019443059   620.03 VE-M 39671 08/17/2023 08/17/2023 Book
          MRSPTU Central Library MRSPTU Central Library 08/09/2043 Krishna Book Distributors 425.00 KBD/2017-2018/1019443059   620.03 VE-M 39672 08/17/2023 08/17/2023 Book
          MRSPTU Central Library MRSPTU Central Library 08/09/2043 Krishna Book Distributors 425.00 KBD/2017-2018/1019443059   620.03 VE-M 39673 08/17/2023 08/17/2023 Book
          MRSPTU Central Library MRSPTU Central Library 08/09/2043 Krishna Book Distributors 425.00 KBD/2017-2018/1019443059   620.03 VE-M 39674 08/17/2023 08/17/2023 Book
          MRSPTU Central Library MRSPTU Central Library 08/09/2043 Krishna Book Distributors 425.00 KBD/2017-2018/1019443059   620.03 VE-M 39675 08/17/2023 08/17/2023 Book

Website Designed and Developed by MRSPTU Central Library Team

E-mail Id: librarian@mrsptu.ac.in